00234nam a2200085Ia 4500008004100000041000800041100002300049245004100072260003500113241105s9999 xx 000 0 und d aeng aJachak Nishigandha aResort At Ambi Pune Baramati Highway bFinal Year B. Arch, BNCAc2014